Biathlon WM - Staffeln 2010er - Statistiken

Allgemein
  • Dieses Quiz wurde 382 mal gespielt
  • Das Durchschnittsergebnis liegt bei 56 aus 90
Antwortstatistiken
Disziplin Jahr Antwort Nation % Korrekt
Herren 2016 Johannes Thingnes Boe Norwegen
96%
Herren 2019 Johannes Thingnes Boe Norwegen
96%
Single Mixed 2019 Johannes Thingnes Boe Norwegen
96%
Mixed 2019 Johannes Thingnes Boe Norwegen
96%
Herren 2011 Tarjei Boe Norwegen
96%
Herren 2012 Tarjei Boe Norwegen
96%
Herren 2013 Tarjei Boe Norwegen
96%
Herren 2016 Tarjei Boe Norwegen
96%
Herren 2019 Tarjei Boe Norwegen
96%
Mixed 2013 Tarjei Boe Norwegen
96%
Herren 2015 Arnd Peiffer Deutschland
93%
Mixed 2010 Arnd Peiffer Deutschland
93%
Mixed 2017 Arnd Peiffer Deutschland
93%
Damen 2015 Laura Dahlmeier Deutschland
89%
Damen 2017 Laura Dahlmeier Deutschland
89%
Mixed 2017 Laura Dahlmeier Deutschland
89%
Herren 2015 Simon Schempp Deutschland
89%
Mixed 2010 Simon Schempp Deutschland
89%
Mixed 2017 Simon Schempp Deutschland
89%
Damen 2011 Magdalena Neuner Deutschland
88%
Damen 2012 Magdalena Neuner Deutschland
88%
Mixed 2010 Magdalena Neuner Deutschland
88%
Herren 2015 Erik Lesser Deutschland
86%
Damen 2015 Franziska Preuß Deutschland
82%
Damen 2016 Tiril Eckhoff Norwegen
80%
Damen 2019 Tiril Eckhoff Norwegen
80%
Mixed 2019 Tiril Eckhoff Norwegen
80%
Mixed 2016 Martin Fourcade Frankreich
79%
Damen 2016 Marte Olsbu Norwegen
78%
Damen 2019 Marte Olsbu Roiseland Norwegen
78%
Single Mixed 2019 Marte Olsbu Roiseland Norwegen
78%
Mixed 2019 Marte Olsbu Roiseland Norwegen
78%
Herren 2011 Ole Einar Björndalen Norwegen
76%
Herren 2012 Ole Einar Björndalen Norwegen
76%
Herren 2013 Ole Einar Björndalen Norwegen
76%
Herren 2016 Ole Einar Björndalen Norwegen
76%
Mixed 2011 Ole Einar Björndalen Norwegen
76%
Mixed 2012 Ole Einar Björndalen Norwegen
76%
Herren 2011 Emil Hegle Svendsen Norwegen
71%
Herren 2012 Emil Hegle Svendsen Norwegen
71%
Herren 2013 Emil Hegle Svendsen Norwegen
71%
Herren 2016 Emil Hegle Svendsen Norwegen
71%
Mixed 2011 Emil Hegle Svendsen Norwegen
71%
Mixed 2012 Emil Hegle Svendsen Norwegen
71%
Mixed 2013 Emil Hegle Svendsen Norwegen
71%
Damen 2015 Vanessa Hinz Deutschland
70%
Damen 2017 Vanessa Hinz Deutschland
70%
Mixed 2017 Vanessa Hinz Deutschland
70%
Damen 2011 Andrea Henkel Deutschland
69%
Damen 2012 Andrea Henkel Deutschland
69%
Damen 2013 Tora Berger Norwegen
66%
Mixed 2011 Tora Berger Norwegen
66%
Mixed 2012 Tora Berger Norwegen
66%
Mixed 2013 Tora Berger Norwegen
66%
Damen 2015 Franziska Hildebrand Deutschland
64%
Damen 2017 Franziska Hildebrand Deutschland
64%
Herren 2019 Vetle Sjastad Christiansen Norwegen
63%
Mixed 2019 Vetle Sjastad Christiansen Norwegen
63%
Damen 2019 Ingrid Landmark Tandrevolt Norwegen
53%
Damen 2011 Miriam Gössner Deutschland
53%
Damen 2012 Miriam Gössner Deutschland
53%
Herren 2017 Anton Schipulin Russland
51%
Mixed 2015 Gabriela Soukalova Tschechien
49%
Mixed 2016 Marie Dorin-Habert Frankreich
46%
Mixed 2016 Quentin Fillon Maillet Frankreich
44%
Herren 2015 Daniel Böhm Deutschland
39%
Damen 2017 Maren Hammerschmidt Deutschland
39%
Damen 2013 Synnove Solemdal Norwegen
37%
Damen 2016 Synnove Solemdal Norwegen
37%
Damen 2019 Synnove Solemdal Norwegen
37%
Mixed 2012 Synnove Solemdal Norwegen
37%
Mixed 2013 Synnove Solemdal Norwegen
37%
Damen 2011 Tina Bachmann Deutschland
33%
Damen 2012 Tina Bachmann Deutschland
33%
Mixed 2016 Anais Bescond Frankreich
29%
Mixed 2015 Ondrej Moravec Tschechien
29%
Damen 2016 Fanny Horn Birkeland Norwegen
28%
Mixed 2015 Veronika Vitkova Tschechien
28%
Herren 2019 Lars Helge Birkeland Norwegen
25%
Mixed 2010 Simone Hauswald Deutschland
23%
Mixed 2015 Michal Slesingr Tschechien
19%
Herren 2017 Anton Babikow Russland
14%
Herren 2011 Alexander Os Norwegen
12%
Damen 2013 Ann Kristin Flatland Norwegen
12%
Mixed 2011 Ann Kristin Flatland Norwegen
12%
Herren 2013 Henrik L'Abee-Lund Norwegen
12%
Herren 2017 Maxim Zwetkow Russland
12%
Damen 2013 Hilde Fenne Norwegen
10%
Herren 2012 Rune Brattsveen Norwegen
5%
Herren 2017 Alexei Wolkow Russland
4%
Keine übereinstimmenden Quizze gefunden
Verteilung der Resultate
Anzahl Personen mit jedem Resultat
Perzentil nach korrekt beantworteten Fragen
Ihre Resultats-Entwicklung
Sie haben dieses Quiz noch nicht gespielt